Primeraná angažovanosť štátu Ako riešiť problémy slovenského poľnohospodárstva?

Dôsledky opatrení uplatňovaných v rámci ekonomickej reformy v oblasti poľnohospodárstva v SR. Angažovanosť štátu v poľnohospodárskej politike a riešenie problémov podľa Programového vyhlásenia vlády. Vytvorenie Podporného a záručného fondu. Systémové riešenie financovania poľnohospodárstva. Koncepci...

Ausführliche Beschreibung

Gespeichert in:
Bibliographische Detailangaben
1. Verfasser: Kováčová, M.
Format: Buchkapitel
Sprache:Slowakisch
Schlagworte:
Tags: Tag hinzufügen
Keine Tags, Fügen Sie das erste Tag hinzu!

MARC

LEADER 00000naa a2200000 4500
001 r013875
005 20221213122946.6
041 0 |a slo 
044 |a SK 
245 1 0 |a Primeraná angažovanosť štátu  |b Ako riešiť problémy slovenského poľnohospodárstva?  |c M. Kováčová 
520 |a Dôsledky opatrení uplatňovaných v rámci ekonomickej reformy v oblasti poľnohospodárstva v SR. Angažovanosť štátu v poľnohospodárskej politike a riešenie problémov podľa Programového vyhlásenia vlády. Vytvorenie Podporného a záručného fondu. Systémové riešenie financovania poľnohospodárstva. Koncepcia agrárnej politiky Slovenska, jej strategické ciele. 
610 2 0 |a politika poľnohospodárska 
610 2 0 |a Slovensko 
610 2 0 |a reformy hospodárske 
610 2 0 |a regulácia štátna 
610 2 0 |a Podporný a záručný fond 
610 2 0 |a poľnohospodárstvo 
610 2 0 |a financovanie 
610 2 0 |a programy vládne 
100 1 |a Kováčová, M.